Language Quiz

Random Language Quiz
Score 0/16 Timer 03:00
0 Plays Today
Description Heteronym % Correct
Nearclose
83.6%
60 secondsminute
79.1%
Comes out of your eye when you crytear
68.7%
Giftpresent
68.7%
An older type of music discrecord
62.7%
Guidelead
61.2%
Rub something to make it shinepolish
61.2%
A type of birddove
58.2%
Description Heteronym % Correct
Seamstresssewer
52.2%
Breeze or Moving Airwind
50.7%
Injury or Sorewound
49.3%
An artist drawer
47.8%
Looped knotbow
47.8%
Restart or continueresume
46.3%
Divide or splitseparate
32.8%
Hobby or past-timerecreation
25.4%
Remove Ads.
Support Sporcle.
Get the best of Sporcle when you Go Orange. This ad-free experience offers more features, more stats, and more fun while also helping to support Sporcle. Thank you for becoming a member.

You're not logged in!

Compare scores with friends on all Sporcle quizzes.
OR
Log In

Show Comments

Extras

Created Jun 29, 2012ReportNominate
Tags:English, Heteronym

Top Quizzes Today


Score Distribution

Your Account Isn't Verified!

In order to create a playlist on Sporcle, you need to verify the email address you used during registration. Go to your Sporcle Settings to finish the process.

Report this User

Report this user for behavior that violates our Community Guidelines.

Details: